000 00293nam a2200097Ia 4500
082 _a960.3|ELLI
245 0 _aSeason of rains : Africa in the world
100 _a Ellis, Stephen, Auckland Park, South Africa, 2011
_969381
942 _cBK
008 210817s9999 xx 000 0 und d
999 _c224178
_d224177